Name the Characters from Pixar's Coco Quiz Stats

 Plays Quiz not verified by Sporcle

Score 0/15 Timer 10:00
0 Plays Today
% Correct
Miguel
97.5%
Mamá Coco
89.5%
Abuelita Elena
87.6%
Dante
85.6%
Luisa Rivera
85.2%
Tío Oscar and Tío Felipe
84%
Enrique Rivera
83.3%
Mamá Imelda
81%
% Correct
Papá Héctor
78.5%
Tía Rosita
77.5%
Papá Franco
75%
Rosa Rivera
71.5%
Abel Rivera
67.8%
Tía Carmen
66%
Tío Berto
65.1%

You're not logged in!

Compare scores with friends on all Sporcle quizzes.
OR
Log In

Show Comments

Extras

Top Quizzes Today


Score Distribution

Your Account Isn't Verified!

In order to create a playlist on Sporcle, you need to verify the email address you used during registration. Go to your Sporcle Settings to finish the process.

Report this User

Report this user for behavior that violates our Community Guidelines.

Details: